Prehľad transformácie IFRS
Európska komisia zverejnila informačný materiál, ktorý poskytuje prehľad o miere v akej členské štáty využívali fakultatívne ustanovenia Nariadenia Európskeho parlamentu a rady pri implementácii do svojej národnej legislatívy. Použitie IFRS. Vykonávacie právne normy EÚ. Účtovanie a vykazovanie o fo...
Enregistré dans:
| Format: | Chapitre de livre |
|---|---|
| Langue: | slovaque |
| Sujets: | |
| Tags: |
Pas de tags, Soyez le premier à ajouter un tag!
|
MARC
| LEADER | 00000naa$a2200000$$$4500 | ||
|---|---|---|---|
| 001 | 0031528 | ||
| 005 | 20231004130249.4 | ||
| 041 | 0 | |a slo | |
| 044 | |a SK | ||
| 245 | 1 | 0 | |a Prehľad transformácie IFRS |
| 520 | |a Európska komisia zverejnila informačný materiál, ktorý poskytuje prehľad o miere v akej členské štáty využívali fakultatívne ustanovenia Nariadenia Európskeho parlamentu a rady pri implementácii do svojej národnej legislatívy. Použitie IFRS. Vykonávacie právne normy EÚ. Účtovanie a vykazovanie o fondoch likvidácie a rekultivácie (IFRIC 5). Zohľadnenie nákladov súvisiacich s odstraňovaním ekologických záťaží. Špecifické charakteristiky, ktorými sa fondy podľa IFRIC 5.3 vyznačujú. | ||
| 610 | 2 | 0 | |a štandardy účtovné medzinárodné |
| 610 | 2 | 0 | |a IFRS |
| 610 | 2 | 0 | |a Európska únia |
| 610 | 2 | 0 | |a normy právne |
| 610 | 2 | 0 | |a legislatíva |
| 610 | 2 | 0 | |a závierka účtovná |
| 610 | 2 | 0 | |a závierka účtovná konsolidovaná |
| 610 | 2 | 0 | |a jednotka účtovná |
| 610 | 2 | 0 | |a náklady ekologické |
| 610 | 2 | 0 | |a výkazy účtovné |
| 610 | 2 | 0 | |a fondy podnikové |
| 610 | 2 | 0 | |a účtovníctvo manažérske |